Central Library OPAC University of Rajshahi

Role of Agricultural machinery for cereal crop production in Bangladesh / (Record no. 81735)

MARC details
000 -LEADER
fixed length control field 01012nam a22002417a 4500
001 - CONTROL NUMBER
RUCL Control Number 81735
003 - CONTROL NUMBER IDENTIFIER
rucl marc code BD-RjUL
005 - DATE AND TIME OF LATEST TRANSACTION
control field 20230821160323.0
008 - FIXED-LENGTH DATA ELEMENTS--GENERAL INFORMATION
fixed length control field 230821s2020 bg a|||| m||| 00| 0 eng d
035 ## - SYSTEM CONTROL NUMBER
system control number (BD-RjUL)81735
040 ## - CATALOGING SOURCE
Original cataloging agency BD-RjUL
Language of cataloging eng
Transcribing agency BD-RjUL
Modifying agency BD-RjUL
041 ## - LANGUAGE CODE
Language code of Book eng
082 ## - DEWEY DECIMAL CLASSIFICATION NUMBER
DDC Edition number 23
Classification number 631.3095492
Author mark and Year BAR 2020
100 ## - MAIN ENTRY--PERSONAL NAME
Personal name Bari, Md. Latiful
9 (RLIN) 8448
245 10 - TITLE STATEMENT
Title Role of Agricultural machinery for cereal crop production in Bangladesh /
Statement of responsibility, etc Submitted by Md. Latiful Bari ;
Name of Supervisor/Co-Supervisor Supervisor : Md. Toufiq Iqbal,
260 ## - PUBLICATION, DISTRIBUTION, ETC. (IMPRINT)
Place of publication, distribution, etc Rajshahi :
Name of publisher, distributor, etc Department of Agronomy and Agricultural Extension Faculty of Agriculture, University of Rajshahi,
Date of publication, distribution, etc 2020
300 ## - PHYSICAL DESCRIPTION
Pagination xxiv, -167- leaves :
Other physical details ill, ;
Dimensions 29.cm.
502 ## - DISSERTATION NOTE
Dissertation note Thesis (Ph. D.) -- Department of Agronomy and Agricultural Extension Faculty of Agriculture, University of Rajshahi, 2020
504 ## - BIBLIOGRAPHY, ETC. NOTE
Bibliography, etc References : Leaves 155 -167
650 ## - SUBJECT ADDED ENTRY--TOPICAL TERM
Topical term or geographic name as entry element Machinery
Form subdivision Materials
Geographic subdivision Bangladesh
9 (RLIN) 8449
700 ## - ADDED ENTRY--SUPERVISOR/CO-SUPERVISOR NAME
Personal name Iqbal, Md. Toufiq, Supervisor
9 (RLIN) 6809
942 ## - ADDED ENTRY ELEMENTS (KOHA)
Source of classification or shelving scheme Dewey Decimal Classification
Koha item type Theses
Holdings
Source of classification or shelving scheme Damaged status Not for loan Collection code Permanent Location Current Location Shelving location Date of accession Source of acquisition Full call number Barcode Date last seen Copy number Thesis
Dewey Decimal Classification   Not For Loan Theses Central Library, University of Rajshahi Central Library, University of Rajshahi Documentation Section 09/08/2023 Controller of Exam. R. U. THE 631.3095492 BAR 2020 D4866 21/08/2023 C-1 Theses